<?xml version="1.0" encoding="UTF-8"?><?xml-stylesheet type="text/xsl" href="static/style.xsl"?><OAI-PMH xmlns="http://www.openarchives.org/OAI/2.0/" xmlns:xsi="http://www.w3.org/2001/XMLSchema-instance" xsi:schemaLocation="http://www.openarchives.org/OAI/2.0/ http://www.openarchives.org/OAI/2.0/OAI-PMH.xsd"><responseDate>2026-04-28T17:55:42Z</responseDate><request verb="GetRecord" identifier="oai:riubu.ubu.es:10259/7453" metadataPrefix="marc">https://riubu.ubu.es/oai/request</request><GetRecord><record><header><identifier>oai:riubu.ubu.es:10259/7453</identifier><datestamp>2023-04-17T07:45:59Z</datestamp><setSpec>com_10259_4244</setSpec><setSpec>com_10259_5086</setSpec><setSpec>com_10259_2604</setSpec><setSpec>col_10259_4245</setSpec></header><metadata><record xmlns="http://www.loc.gov/MARC21/slim" xmlns:doc="http://www.lyncode.com/xoai" xmlns:xsi="http://www.w3.org/2001/XMLSchema-instance" xmlns:dcterms="http://purl.org/dc/terms/" xsi:schemaLocation="http://www.loc.gov/MARC21/slim http://www.loc.gov/standards/marcxml/schema/MARC21slim.xsd">
<leader>00925njm 22002777a 4500</leader>
<datafield tag="042" ind1=" " ind2=" ">
<subfield code="a">dc</subfield>
</datafield>
<datafield tag="720" ind1=" " ind2=" ">
<subfield code="a">Trigueros Andrés, Ester</subfield>
<subfield code="e">author</subfield>
</datafield>
<datafield tag="720" ind1=" " ind2=" ">
<subfield code="a">Sanz Díez, Mª Teresa</subfield>
<subfield code="e">author</subfield>
</datafield>
<datafield tag="720" ind1=" " ind2=" ">
<subfield code="a">Beltrán Calvo, Sagrario</subfield>
<subfield code="e">author</subfield>
</datafield>
<datafield tag="720" ind1=" " ind2=" ">
<subfield code="a">Ruiz Pérez, María Olga</subfield>
<subfield code="e">author</subfield>
</datafield>
<datafield tag="260" ind1=" " ind2=" ">
<subfield code="c">2022-10</subfield>
</datafield>
<datafield tag="520" ind1=" " ind2=" ">
<subfield code="a">An ultrafiltration-based process for oligosaccharide and peptide fractionation from a macroalgae subcritical&#xd;
water hydrolysate was studied. A wide range of separation results was obtained depending on the membrane&#xd;
pore. 100 kDa cut-off size was enough for hydrolysate clarification with total retention of colloidal materials.&#xd;
Oligosaccharides present in the hydrolysate showed the highest retention with all membranes, glucans mostly,&#xd;
followed by galactans, and finally arabinans. Peptides obtained after subcritical water treatment were some of&#xd;
the lowest rejected compounds, even using a 5 kDa membrane. The increase in temperature from 20 to 50 ◦C and&#xd;
feed flow rate from 6.6 to 11.2 L/h enhanced permeate flux for 5 kDa membrane, without perturbing the&#xd;
membrane retention. The Hermia’s models identified the cake layer resistance as the major fouling resistance in&#xd;
hydrolysate filtrations at 20 ◦C, but standard pore blockage was the principal fouling mechanism at 50 ◦C. A&#xd;
fractionation process with sequential filtration stages at 20 ◦C and TMP = 1.1 bar was examined. Oligosaccharides were fractionated in the retentates of the sequential filtrations with 100, 5 and 1 kDa membranes. The&#xd;
final permeate collected from the 1 kDa membrane was freeze-dried to obtain a peptide-rich solid (71 wt%) that&#xd;
could be used in different applications.</subfield>
</datafield>
<datafield tag="024" ind2=" " ind1="8">
<subfield code="a">0376-7388</subfield>
</datafield>
<datafield tag="024" ind2=" " ind1="8">
<subfield code="a">http://hdl.handle.net/10259/7453</subfield>
</datafield>
<datafield tag="024" ind2=" " ind1="8">
<subfield code="a">10.1016/j.memsci.2022.120822</subfield>
</datafield>
<datafield ind1=" " ind2=" " tag="653">
<subfield code="a">Peptide purification</subfield>
</datafield>
<datafield ind1=" " ind2=" " tag="653">
<subfield code="a">Oligosaccharide recovery</subfield>
</datafield>
<datafield ind1=" " ind2=" " tag="653">
<subfield code="a">Membrane fouling</subfield>
</datafield>
<datafield ind1=" " ind2=" " tag="653">
<subfield code="a">Macroalga byproducts</subfield>
</datafield>
<datafield ind1=" " ind2=" " tag="653">
<subfield code="a">Biorefinery</subfield>
</datafield>
<datafield tag="245" ind1="0" ind2="0">
<subfield code="a">Filtration of subcritical water hydrolysates from red macroalgae byproducts with ultraporous ceramic membranes for oligosaccharide and peptide fractionation</subfield>
</datafield>
</record></metadata></record></GetRecord></OAI-PMH>